| 000 | 00452 a2200157 4500 | ||
|---|---|---|---|
| 020 | _a0-309-03513-9 | ||
| 082 | _a624.281 NAT | ||
| 090 |
_c3255 _d3255 |
||
| 110 |
_aTRANSPORTATION RESEARCH BOARD _943419 |
||
| 245 | _aBRIDGE INSPECTION AND REHABILITATION | ||
| 260 |
_aWASHINGTON _bNATIONAL ACADEMY OF SCIENCE |
||
| 300 |
_a76 P _c24 CM |
||
| 500 | _aBRIDGE DESIGN | ||
| 526 |
_a0 _b0 _c0 _d624_281000000000000_NAT |
||
| 942 |
_2ddc _aMCE _cD _k624.281 NAT |
||
| 999 |
_c547237 _d547237 |
||